Energy Choices in the Near Abroad <The> Haves and Have-nots Face the Future

Saved in:
Bibliographic Details
Main Author: Ebel, Robert E.
Format: Book
Language:English
Published: Washington The Center for Strategic and International Studies 1997
Edition:1. ed.
Subjects:
Tags: Add Tag
No Tags, Be the first to tag this record!

MARC

LEADER 00000nam a2200000 4500
001 c020079
005 20221129110146.4
020 |a 0-89206-271-1 
041 0 |a eng 
044 |a US 
245 1 0 |a Energy Choices in the Near Abroad  |b <The> Haves and Have-nots Face the Future  |c Robert E. Ebel 
250 |a 1. ed. 
264 1 |a Washington  |b The Center for Strategic and International Studies  |c 1997 
300 |a 376 s. 
610 2 0 |a energetika 
610 2 0 |a energia 
610 2 0 |a zdroje energetické 
610 2 0 |a zdroje energie 
610 2 0 |a zdroje energie prírodné 
610 2 0 |a ZSSR 
100 1 |a Ebel, Robert E.